|
|
|
|
| LEADER |
00000nam0a2200000 4500 |
| 001 |
282056 |
| 005 |
20231101235449.0 |
| 020 |
|
|
|a RU
|b 84-77898
|
| 035 |
|
|
|a (RuTPU)RU\TPU\book\305929
|
| 090 |
|
|
|a 282056
|
| 100 |
|
|
|a 20150128d1984 k y0rusy5003 ca
|
| 101 |
0 |
|
|a rus
|
| 102 |
|
|
|a RU
|
| 105 |
|
|
|a a z 001zy
|
| 200 |
1 |
|
|a Сахарйокский щелочный массив, слагающие его породы и минералы
|f И. Д. Батиева, И. В. Бельков
|g Академия наук СССР (АН СССР), Кольский научный центр (КолНЦ), Геологический институт (ГИ)
|
| 210 |
|
|
|a Апатиты
|c [Б. и.]
|d 1984
|
| 215 |
|
|
|a 133 с.
|c ил.
|
| 320 |
|
|
|a Библиогр.: с. 127-130
|
| 320 |
|
|
|a Сокращенные обозначения минералов : с. 131
|
| 606 |
1 |
|
|a Щелочные горные породы
|2 stltpush
|3 (RuTPU)RU\TPU\subj\19678
|9 44862
|
| 610 |
1 |
|
|a Кольский полуостров
|
| 610 |
1 |
|
|a геологическая характеристика
|
| 610 |
1 |
|
|a петрография
|
| 610 |
1 |
|
|a минералогия
|
| 610 |
1 |
|
|a геохимия
|
| 610 |
1 |
|
|a породообразующие элементы
|
| 610 |
1 |
|
|a акцессорные минералы
|
| 610 |
1 |
|
|a сиениты
|
| 610 |
1 |
|
|a вмещающие породы
|
| 675 |
|
|
|a 552.33
|z rus
|v 4
|
| 700 |
|
1 |
|a Батиева
|b И. Д.
|g Ия Дмитриевна
|4 070
|
| 701 |
|
1 |
|a Бельков
|b И. В.
|g Игорь Владимирович
|4 070
|
| 712 |
0 |
2 |
|a Академия наук СССР (АН СССР)
|b Кольский научный центр (КолНЦ)
|b Геологический институт (ГИ)
|c (Апатиты)
|2 stltpush
|3 (RuTPU)RU\TPU\col\18176
|
| 801 |
|
0 |
|a RU
|b RuMRKP
|c 19950704
|g psbo
|
| 801 |
|
1 |
|a RU
|b 63413507
|c 20150128
|
| 801 |
|
2 |
|a RU
|b 63413507
|c 20170707
|g RCR
|
| 942 |
|
|
|c BK
|